Konkurencieschopnosť Európskej únie v porovnaní s vybranými krajinami Novej hodvábnej cesty diplomová práca

Guardado en:
Detalles Bibliográficos
Autor principal: Hrubšová, Andrea, 1999-
Autor Corporativo: Obchodná fakulta EU. Katedra medzinárodného obchodu
Otros Autores: Steinhauser, Dušan, 1988-
Formato: Libro
Lenguaje:eslovaco
Publicado: Bratislava 2023
Etiquetas: Agregar Etiqueta
Sin Etiquetas, Sea el primero en etiquetar este registro!

MARC

LEADER 00000nbm a2200000 4500
001 0293787
005 20240213105213.3
041 0 |a slo 
044 |a SK 
245 1 0 |a Konkurencieschopnosť Európskej únie v porovnaní s vybranými krajinami Novej hodvábnej cesty  |b diplomová práca  |c Andrea Hrubšová ; školiteľ: Dušan Steinhauser 
264 1 |a Bratislava  |c 2023 
300 |a 69 s. 
100 1 |a Hrubšová, Andrea, 1999- 
700 1 |a Steinhauser, Dušan, 1988- 
710 2 |a Obchodná fakulta EU. Katedra medzinárodného obchodu